Statistics for MLB Players Jersey Numbers

Click here to take the quiz!

General Stats

  • This quiz has been taken 578 times
    (548 since last reset)
  • The average score is 25 of 60

Answer Stats

PlayerTeamPO#% Correct
Jose AltuveAstros2B27
89%
Aaron JudgeYankeesOF99
85%
Mike TroutAngelsOF27
78%
Mookie BettsRed SoxOF50
72%
Bryce HarperNationalsOF34
66%
Salvador PerezRoyalsC13
63%
Manny MachadoOrioles3B13
61%
Giancarlo StantonYankeesOF27
60%
Miguel CabreraTigers1B24
59%
Freddie FreemanBraves1B5
59%
Clayton KershawDodgersP22
58%
Shohei OhtaniAngelsP17
57%
Kris BryantCubs3B17
57%
Yadier MolinaCardinalsC4
56%
Francisco LindorIndiansSS12
54%
Nolan ArenadoRockies3B28
53%
Jose AbreuWhite Sox1B79
52%
Joey VottoReds1B19
51%
Robinson CanoMariners2B22
51%
Troy TulowitzkiBlue JaysSS2
49%
Brian DozierTwins2B2
48%
Justin VerlanderAstrosP35
48%
Cody BellingerDodgers1B35
45%
Chris ArcherRaysP22
42%
Jacob deGromMetsP48
42%
Joe MauerTwins1B7
42%
Ryan BraunBrewersOF8
42%
Buster PoseyGiantsC28
40%
Paul GoldschmidtDiamonbacks1B44
40%
Max ScherzerNationalsP31
39%
Dansby SwansonBravesSS7
38%
Dee GordonMarinersOF9
37%
Yoenis CespedesMetsOF52
36%
Josh DonaldsonBlue Jays3B20
35%
Corey KluberIndiansP28
34%
Chris SaleRed SoxP41
34%
Adam WinwrightCardinalsP50
34%
Charlie BlackmonRockiesOF19
33%
Cole HamelsRangersP35
32%
Josh HarrisonPirates3B5
32%
Adam JonesOriolesOF10
31%
Starlin CastroMarlins2B13
31%
Khris DavisA'sOF2
31%
Adrian BeltreRangers3B29
31%
Alex GordonRoyalsOF4
30%
Yu DarvishCubsP11
29%
Aaron NolaPhilliesP27
29%
Kevin KiermaierRaysOF39
29%
Jake ArrietaPhilliesP49
29%
Jonathan LucroyA'sC21
27%
Madison BumgarnerGiantsP41
27%
Billy HamiltonRedsOF6
27%
Zack GreinkeDiamondbacksP21
26%
Eric HosmerPadres1B30
26%
Eric ThamesBrewers1B7
24%
Jordan ZimmermanTigersP27
19%
Justin BourMarlins1B41
19%
Corey DickersonPiratesOF12
16%
AJ EllisPadresC17
14%
Matt DavidsonWhite SoxDH24
14%

Score Distribution

Percentile by Number Answered

Percent of People with Each Score

Your Score History

You have not taken this quiz since the last reset